Les parcours de carrière en club des joueurs de foot #3 - Statistiques

Statistiques générales
  • Ce quiz a été pris 535 fois
  • Le résultat moyen est 7 sur 12
Statistiques - réponses
Parcours Joueur % Correct
River Plate, FC Porto, Atlético Madrid, Monaco,Manchester United, Chelsea, Monaco, Galatasaray, Rayo Vallecano en activité Radamel Falcao
93%
Boca Juniors, Corinthians, West Ham, Manchester United, Manchester City, Juventus, Shanghai, Boca juniors retraité Carlos Tévez
85%
Bahia, FC Séville, FC Barcelone, Juventus, Paris SG, Sao Paulo, FC Barcelone en activité Dani Alves
75%
EC Vitória, Benfica, Chelsea, Paris SG, Chelsea, Arsenal, Flamengo en activité David Luiz
74%
Feyenoord, Arsenal, Manchester United, Fenerbahce, Feyenoord retraité Robin van Persie
72%
AJ Auxerre, Liverpool, Marseille, Sunderland, Panathinaïkós, Lazio Rome,QPR, Al-Gharafa, Kouban Krasnodar, Bastia, JS Saint-Pierroise, Yverdon retraité Djibril Cissé
63%
Corinthians Alagoano, CR Brasil, Hoffeinhem, Bayern Munich, Wolfsburg, Marseille, Fenerbahce en activité Luis Gustavo
60%
SC Marsala, Monza, Nice, Monaco, Manchester United, Juventus,Marseille, West Ham retraité Patrice Evra
40%
Valence, Getafe, Valence, Real Madrid, Naples, Villareal en activité Raul Albiol
39%
Ajax, Sampdoria, Real Madrid, Inter, AC Milan, Botafogo retraité Clarence Seedorf
35%
Independiente, Manchester United, Villareal, Atlético Madrid, Inter,SC Internacional, Cerezo Osaka, CA Penarol, Mumbai City, Kitchee SC retraité Diego Forlan
34%
CD Baskonia, Athletic Bilbao, Juventus, FC Séville, Swansea,Tottenham, Naples, Udinesse, Eibar en activité Fernando Llorente
29%
Aucun quiz correspondant
Distribution des résultats
% des personnes avec chaque résultat
Percentile par nombre de réponses
Votre historique - résultats
Vous n’avez pas pris ce quiz